Julius Caesar: Tragedy

Guardado en:
Bibliografiske detaljer
Hovedforfatter: Shakespeare, William
Format: Bog
Sprog:Undetermined
Udgivet: New York, Estados Unidos Washington Square Press 1959
Fag:
Tags: Tilføj Tag
Ingen Tags, Vær først til at tagge denne postø!

MARC

LEADER 00000nam a2200000Ia 4500
008 170316s9999 xx 000 0 und d
040 |a cru BVZT 
090 |a 820 S-5j 
100 |a Shakespeare, William 
245 |a Julius Caesar: Tragedy 
260 |a New York, Estados Unidos 
260 |b Washington Square Press 
260 |c 1959 
300 |a 95 páginas 
650 |a LITERATURA INGLESA 
999 |c 7128  |d 7128 
942 |c 15 D  |h 820 S-5j  |2 z